Vednotechnická politika a realizácie jej cieľov ako vnútorná podmienka reštrukturalizácie a dlhodobého ekonomického rozvoja

Saved in:
Bibliographic Details
Main Author: Mikulec, Vladimír
Format: Book Chapter
Language:Slovak
Tags: Add Tag
No Tags, Be the first to tag this record!

MARC

LEADER 00000naa$a2200000$$$4500
001 0062940
005 20240502071721.6
041 0 |a slo 
044 |a SK 
245 1 0 |a Vednotechnická politika a realizácie jej cieľov ako vnútorná podmienka reštrukturalizácie a dlhodobého ekonomického rozvoja  |c Vladimír Mikulec 
100 1 |a Mikulec, Vladimír